| 000 | 00526nam a2200205Ia 4500 | ||
|---|---|---|---|
| 003 | OSt | ||
| 005 | 20220107122558.0 | ||
| 008 | 130318s9999 xx 000 0 und d | ||
| 020 | _a8173661332 | ||
| 040 | _c | ||
| 082 | _a005.432U QUA/U | ||
| 100 |
_aEckstein, Robert _97527 |
||
| 245 | _aUsing Samba | ||
| 260 |
_bOreilly/Shroff Publishers and Distributors _aMumbai _c2000 |
||
| 300 |
_a398 _e1 CD-No 42 |
||
| 650 |
_aSAMBA _97528 |
||
| 700 |
_aCollier Brown, David _97529 |
||
| 700 |
_aKelly,Peter _97530 |
||
| 942 |
_2ddc _cBK |
||
| 999 |
_c82 _d82 |
||